000 00367nam a2200145Ia 4500
008 230917s9999||||xx |||||||||||||| ||und||
040 _e115742
_aMAIN
041 _aEnglish
082 _a821.8 Y34S:W
100 _aSinha, M P
245 0 _aW. B. Yeats: His poetry and politics
260 _aNew Delhi
_bAtlantic Publishers
_c2003
300 _a187 p.
942 _cBK
999 _c146142
_d146142